[Event "Araraquara op 2nd"]
[Site "Araraquara"]
[Date "2024.02.13"]
[Round "7"]
[White "Da Cunha, Gabriela Goes"]
[Black "Godinho, Bruno Cesar Ferreir"]
[Result "1-0"]
[WhiteElo "1837"]
[BlackElo "1763"]
[PlyCount "55"]
[EventDate "2024.02.10"]
[EventType "swiss"]
[EventRounds "7"]
[EventCountry "BRA"]
[SourceTitle "CB09_2024"]
[SourceDate "2024.02.28"]
[SourceVersion "1"]
[SourceVersionDate "2024.02.28"]
[SourceQuality "1"]

1. d4 d5 2. c4 c6 3. cxd5 cxd5 4. Nf3 Nf6 5. Nc3 Nc6 6. Bf4 Bf5 7. e3 e6 8. Bb5 Bd6 9. Ne5 Bxe5 10. Bxe5 0-0 11. Bxc6 bxc6 12. 0-0 Ne4 13. Nxe4 Bxe4 14. Qg4 Bg6 15. Rfc1 Qb6 16. b3 Rac8 17. Rc5 Rfe8 18. h4 f6 19. Bxf6 gxf6 20. h5 Kg7 21. hxg6 hxg6 22. Rac1 Rc7 23. e4 f5 24. exf5 exf5 25. Qf4 Re6 26. Rxd5 Re4 27. Qd6 Rce7 28. Rxc6 1-0

[Event "Pindamonhangaba op 7th"]
[Site "Pindamonhangaba"]
[Date "2023.03.24"]
[Round "1"]
[White "Aranha Filho, Alvaro Zimmermann"]
[Black "Da Cunha, Gabriela Goes"]
[Result "1-0"]
[WhiteElo "2138"]
[BlackElo "1759"]
[PlyCount "71"]
[EventDate "2023.03.24"]
[EventType "swiss"]
[EventRounds "5"]
[EventCountry "BRA"]
[SourceTitle "CBM 213 Extra"]
[Source "ChessBase"]
[SourceDate "2023.05.31"]
[SourceVersion "1"]
[SourceVersionDate "2023.05.31"]
[SourceQuality "1"]

1. Nf3 d5 2. d4 Nf6 3. c4 e6 4. g3 Be7 5. Bg2 0-0 6. 0-0 b6 7. cxd5 exd5 8. Nc3 Bb7 9. Ne5 Nbd7 10. Qa4 Nxe5 11. dxe5 Ne8 12. Nxd5 Bxd5 13. Rd1 c6 14. e4 b5 15. Qc2 Rc8 16. exd5 cxd5 17. Qd3 Nc7 18. Be3 Ne6 19. Bxd5 Nc5 20. Qe2 Qc7 21. f4 a6 22. Rac1 Qa5 23. f5 Nd7 24. f6 Rxc1 25. Rxc1 gxf6 26. Qg4+ Kh8 27. Qxd7 Bb4 28. Bxf7 Bd2 29. Qxd2 Qxd2 30. Bxd2 Rxf7 31. Bh6 Rg7 32. exf6 Rg8 33. f7 Rd8 34. Re1 a5 35. Re8+ Rxe8 36. fxe8Q# 1-0

[Event "Araraquara op"]
[Site "Araraquara"]
[Date "2023.02.21"]
[Round "5.18"]
[White "Feller, Gabriela Luisa Vice"]
[Black "Da Cunha, Gabriela Goes"]
[Result "1/2-1/2"]
[WhiteElo "1918"]
[BlackElo "1713"]
[PlyCount "93"]
[EventDate "2023.02.19"]
[EventType "swiss"]
[EventRounds "6"]
[EventCountry "BRA"]
[SourceTitle "CBM 213 Extra"]
[Source "ChessBase"]
[SourceDate "2023.05.31"]
[SourceVersion "1"]
[SourceVersionDate "2023.05.31"]
[SourceQuality "1"]

1. d4 Nf6 2. c4 e6 3. Nf3 Bb4+ 4. Bd2 Qe7 5. a3 Bxd2+ 6. Nbxd2 d6 7. g3 Nc6 8. Bg2 0-0 9. 0-0 a5 10. Qc2 e5 11. dxe5 dxe5 12. e3 Bg4 13. Ng5 Bh5 14. Bxc6 bxc6 15. Nge4 Rfd8 16. f3 Bg6 17. Nxf6+ Qxf6 18. Ne4 Qe7 19. Rad1 f5 20. Nf2 Qc5 21. Qc3 a4 22. Rxd8+ Rxd8 23. Rd1 Rxd1+ 24. Nxd1 f4 25. Qb4 Qxb4 26. axb4 fxg3 27. hxg3 Bd3 28. Nc3 Bxc4 29. Nxa4 Kf7 30. Kf2 Ke7 31. e4 h5 32. f4 exf4 33. gxf4 Bb3 34. Nc5 Bd1 35. Kg3 Be2 36. Kh4 Bd1 37. Kg5 Be2 38. e5 Bd1 39. f5 Bc2 40. Na6 h4 41. f6+ gxf6+ 42. exf6+ Kf7 43. Kxh4 Kxf6 44. Nxc7 Ke5 45. b5 cxb5 46. Nxb5 Kd5 47. Nc3+ 1/2-1/2

[Event "BRA-ch (Women) 61st"]
[Site "Recife"]
[Date "2022.12.21"]
[Round "7"]
[White "Da Cunha, Gabriela Goes"]
[Black "Lira, Larissa Morais Nasc"]
[Result "1-0"]
[WhiteElo "1687"]
[BlackElo "1389"]
[PlyCount "45"]
[EventDate "2022.12.15"]
[EventType "swiss"]
[EventRounds "9"]
[EventCountry "BRA"]
[SourceTitle "EXT 2024"]
[Source "ChessBase"]
[SourceDate "2023.10.10"]
[SourceVersion "1"]
[SourceVersionDate "2023.10.10"]
[SourceQuality "1"]

1. e4 e5 2. Nf3 Nc6 3. Bc4 Bc5 4. c3 Nf6 5. d4 exd4 6. e5 Ng4 7. cxd4 Bb4+ 8. Nc3 d5 9. Bb5 Bd7 10. 0-0 Ne7 11. Qb3 Bxb5 12. Nxb5 Nc6 13. Qxd5 Ba5 14. Qe4 h5 15. h3 Nh6 16. Bg5 Ne7 17. Rac1 Qd5 18. Qxd5 Nxd5 19. Rc5 Ne7 20. Nxc7+ Bxc7 21. Rxc7 Nhf5 22. Bxe7 Nxe7 23. Rxb7 1-0

[Event "Pan American-ch U14 Girls"]
[Site "Montevideo"]
[Date "2022.06.26"]
[Round "1"]
[White "Acuna Alarcon, Claudia Micaela"]
[Black "Da Cunha, Gabriela Goes"]
[Result "1/2-1/2"]
[WhiteElo "1380"]
[BlackElo "1717"]
[PlyCount "40"]
[EventDate "2022.06.26"]
[EventType "swiss"]
[EventRounds "9"]
[EventCountry "URU"]
[SourceTitle "EXT 2023"]
[Source "ChessBase"]
[SourceDate "2022.10.05"]
[SourceVersion "1"]
[SourceVersionDate "2022.10.05"]
[SourceQuality "1"]

1. d4 Nf6 2. c4 g6 3. Qc2 d5 4. cxd5 Nxd5 5. e4 Nb6 6. Nf3 Bg7 7. Be3 0-0 8. Be2 Bg4 9. Nbd2 e5 10. dxe5 Nc6 11. h3 Bxf3 12. Nxf3 Nxe5 13. 0-0 Re8 14. Rfd1 Qe7 15. Bc5 Qe6 16. Nd4 Qf6 17. Nb5 Qc6 18. Nd4 Qf6 19. Nb5 Qc6 20. Nd4 Qf6 1/2-1/2

[Event "Rio de Janeiro op"]
[Site "Rio de Janeiro"]
[Date "2022.04.23"]
[Round "4"]
[White "Lima, Kleyton Alcantara"]
[Black "Da Cunha, Gabriela Goes"]
[Result "1-0"]
[WhiteElo "2080"]
[BlackElo "1726"]
[PlyCount "141"]
[EventDate "2022.04.21"]
[EventType "swiss"]
[EventRounds "6"]
[EventCountry "BRA"]
[SourceTitle "EXT 2023"]
[Source "ChessBase"]
[SourceDate "2022.10.05"]
[SourceVersion "1"]
[SourceVersionDate "2022.10.05"]
[SourceQuality "1"]

1. e4 c5 2. c3 Nf6 3. e5 Nd5 4. d4 cxd4 5. cxd4 e6 6. Nf3 d6 7. Bc4 Nb6 8. Bb3 dxe5 9. Nxe5 Nc6 10. Nxc6 bxc6 11. 0-0 Nd5 12. Nd2 Be7 13. Ba4 Bb7 14. Nc4 Nb6 15. Bb3 Nxc4 16. Bxc4 0-0 17. Be3 Bf6 18. Rc1 Qd7 19. Qa4 Rfd8 20. Rfd1 Qe7 21. Qa5 e5 22. dxe5 Rxd1+ 23. Rxd1 Bxe5 24. Qc5 Qc7 25. g3 h6 26. b3 Bc8 27. Be2 Bh3 28. Bf3 Rc8 29. Qxa7 Qxa7 30. Bxa7 Ra8 31. Bc5 Rxa2 32. Bxc6 Rb2 33. Be4 f5 34. Bd3 Kf7 35. b4 f4 36. b5 Bc7 37. Ba3 Bg4 38. Rc1 Rd2 39. Rxc7+ Kf6 40. Be7+ Ke5 41. gxf4+ Kxf4 42. Bd6+ Kg5 43. h4+ Kxh4 44. Bg3+ Kh5 45. Be4 Be2 46. Kg2 g5 47. Bf3+ Bxf3+ 48. Kxf3 Rd5 49. b6 g4+ 50. Kg2 Kg5 51. b7 Rb5 52. b8Q Rxb8 53. Rc5+ Kg6 54. Bxb8 h5 55. Kg3 h4+ 56. Kxg4 h3 57. Rc6+ Kf7 58. Kf5 h2 59. Bxh2 Kg7 60. Bf4 Kh7 61. Rc7+ Kh8 62. Kg6 Kg8 63. Bh6 Kh8 64. f3 Kg8 65. f4 Kh8 66. f5 Kg8 67. Ra7 Kh8 68. f6 Kg8 69. Rg7+ Kh8 70. Rh7+ Kg8 71. f7# 1-0

[Event "Pocos de Caldas op"]
[Site "Pocos de Caldas"]
[Date "2022.03.12"]
[Round "3"]
[White "Da Cunha, Gabriela Goes"]
[Black "Deus Filho, Joaquim"]
[Result "0-1"]
[WhiteElo "1760"]
[BlackElo "1917"]
[PlyCount "131"]
[EventDate "2022.03.11"]
[EventType "swiss"]
[EventRounds "6"]
[EventCountry "BRA"]
[SourceTitle "CBM 207 Extra"]
[Source "ChessBase"]
[SourceDate "2022.05.31"]
[SourceVersion "1"]
[SourceVersionDate "2022.05.31"]
[SourceQuality "1"]

1. d4 Nf6 2. c4 e5 3. dxe5 Ne4 4. Qc2 Bb4+ 5. Bd2 Nxd2 6. Nxd2 Qe7 7. Ngf3 a5 8. e3 Ra6 9. a3 Bc5 10. Ne4 Ba7 11. c5 Rg6 12. b4 Nc6 13. Qc3 0-0 14. Ng3 Re8 15. Bd3 Rg4 16. Bf5 Rh4 17. Nxh4 Qxh4 18. 0-0 g6 19. Bc2 Nxe5 20. Qd4 Qh6 21. Qf4 Qg7 22. Ne4 f5 23. Bb3+ Kh8 24. Ng5 d6 25. Rad1 Bb8 26. Qd4 h6 27. Nf7+ Kh7 28. cxd6 cxd6 29. Nxd6 Rd8 30. Qb6 Bc7 31. Qc5 b6 32. Qb5 Bxd6 33. Qxb6 Bc7 34. Qc5 Re8 35. bxa5 Ba6 36. Ba4 Rb8 37. Rfe1 Nd3 38. Qc6 Bb7 39. Qe6 Bc8 40. Qc6 Nxe1 41. Rxe1 Bxa5 42. Rd1 h5 43. Qd6 Bc7 44. Qc6 Rb6 45. Qe8 Be6 46. g3 h4 47. Bd7 Bf7 48. Qc8 Bb8 49. Qd8 Qf6 50. Qc8 h3 51. Be8 Rd6 52. Rb1 Rd8 53. Qb7 Rxe8 54. a4 Kg8 55. a5 Qe6 56. a6 Qe4 57. Qxe4 fxe4 58. Rb7 Rc8 59. f4 Bd5 60. Rd7 Bc6 61. a7 Bxa7 62. Rxa7 Ra8 63. Rc7 Bb5 64. g4 Ra2 65. Rb7 Rg2+ 66. Kh1 0-1

[Event "Osasco Carvalho Memorial"]
[Site "Osasco"]
[Date "2022.02.20"]
[Round "5"]
[White "Da Cunha, Gabriela Goes"]
[Black "Silva, Caio Henrique Angel"]
[Result "1/2-1/2"]
[WhiteElo "1770"]
[BlackElo "1797"]
[PlyCount "77"]
[EventDate "2022.02.18"]
[EventType "swiss"]
[EventRounds "6"]
[EventCountry "BRA"]
[SourceTitle "CBM 207 Extra"]
[Source "ChessBase"]
[SourceDate "2022.05.31"]
[SourceVersion "1"]
[SourceVersionDate "2022.05.31"]
[SourceQuality "1"]

1. d4 Nf6 2. c4 e6 3. Nf3 Bb4+ 4. Bd2 Qe7 5. g3 b6 6. Bg2 Bb7 7. 0-0 Bxd2 8. Qxd2 0-0 9. Nc3 d6 10. d5 e5 11. e4 Na6 12. a3 c6 13. b4 cxd5 14. cxd5 Rfc8 15. Rfe1 h6 16. Qb2 Qd7 17. Bf1 Nc7 18. Nd2 b5 19. Nb3 a6 20. Na5 Rab8 21. Rac1 Na8 22. Bg2 Nb6 23. Nb1 h5 24. Nd2 Na4 25. Qb3 Rxc1 26. Rxc1 Rc8 27. Rxc8+ Qxc8 28. Nxb7 Qxb7 29. Qc2 h4 30. Bh3 hxg3 31. hxg3 Qb6 32. Qc8+ Kh7 33. Nf3 g6 34. Qf8 Nxe4 35. Qxf7+ Kh6 36. Qf8+ Kh7 37. Qf7+ Kh6 38. Qf8+ Kh7 39. Qf7+ 1/2-1/2

[Event "Florianopolis op 8th"]
[Site "Florianopolis"]
[Date "2022.01.27"]
[Round "6"]
[White "Bittencourt, Arian G Decezare"]
[Black "Da Cunha, Gabriela Goes"]
[Result "0-1"]
[WhiteElo "1316"]
[BlackElo "1723"]
[PlyCount "41"]
[EventDate "2022.01.24"]
[EventType "swiss"]
[EventRounds "10"]
[EventCountry "BRA"]
[SourceTitle "EXT 2023"]
[Source "ChessBase"]
[SourceDate "2022.10.05"]
[SourceVersion "1"]
[SourceVersionDate "2022.10.05"]
[SourceQuality "1"]

1. e4 c6 2. d4 d5 3. exd5 cxd5 4. c4 Nf6 5. Nc3 e6 6. Nf3 Be7 7. Bf4 0-0 8. Be2 dxc4 9. Bxc4 Nc6 10. a3 a6 11. 0-0 b5 12. Ba2 Bd7 13. d5 exd5 14. Nxd5 Nxd5 15. Bxd5 Bf6 16. Qd2 Bxb2 17. Rad1 Bf6 18. Qc1 Qc8 19. Bd6 Rd8 20. Qf4 Na5 21. Ba2 0-1

[Event "Florianopolis op 8th"]
[Site "Florianopolis"]
[Date "2022.01.25"]
[Round "3"]
[White "Da Cunha, Gabriela Goes"]
[Black "Monteiro, Samuel Ramazzotte"]
[Result "1-0"]
[WhiteElo "1723"]
[BlackElo "1338"]
[PlyCount "136"]
[EventDate "2022.01.24"]
[EventType "swiss"]
[EventRounds "10"]
[EventCountry "BRA"]
[SourceTitle "CBM 206 Extra"]
[Source "ChessBase"]
[SourceDate "2022.03.31"]
[SourceVersion "1"]
[SourceVersionDate "2022.03.31"]
[SourceQuality "1"]

1. e4 c5 2. Nf3 g6 3. d4 cxd4 4. Nxd4 Bg7 5. Nc3 Nc6 6. Be3 Nf6 7. Nxc6 bxc6 8. e5 Ng8 9. f4 Nh6 10. Qd2 a5 11. h3 Rb8 12. 0-0-0 Nf5 13. Bf2 e6 14. g4 Ne7 15. Qd6 Rb4 16. a3 Rxf4 17. Bh4 Bh6 18. Kb1 g5 19. Bg3 Rf3 20. Ne4 Bg7 21. Bg2 Re3 22. Bf2 Re2 23. Bf3 Rxf2 24. Nxf2 Qb6 25. Ne4 Nd5 26. Qc5 Qxc5 27. Nxc5 Bxe5 28. Bxd5 cxd5 29. Rhe1 Bd6 30. Rxd5 Be7 31. Nxe6 dxe6 32. Rxa5 h5 33. Rd1 Bb7 34. Rb5 Bd5 35. c4 Be4+ 36. Ka2 f5 37. Rb8+ Kf7 38. Rxh8 hxg4 39. hxg4 f4 40. b4 Bf3 41. Rg1 e5 42. Rh7+ Ke6 43. Rxe7+ Kxe7 44. Kb2 e4 45. Kc3 e3 46. Kd3 Kd6 47. a4 Ke5 48. a5 Be4+ 49. Ke2 Kd4 50. Rd1+ Kxc4 51. a6 Kxb4 52. a7 Kc4 53. Rd8 Bb7 54. a8Q Bxa8 55. Rxa8 Kd4 56. Kf3 Ke5 57. Rf8 Ke6 58. Rf5 Kd6 59. Rxg5 Kd7 60. Kxf4 e2 61. Re5 Kd6 62. Rxe2 Kd5 63. g5 Kd6 64. g6 Kd7 65. g7 Kd6 66. g8Q Kd7 67. Ra2 Kd6 68. Ra6+ Kc5 1-0

[Event "BRA-ch (Women) 60th"]
[Site "Cuiaba"]
[Date "2021.10.29"]
[Round "2"]
[White "Oliveira, Emanuelle Alves"]
[Black "Da Cunha, Gabriela Goes"]
[Result "0-1"]
[WhiteElo "1683"]
[BlackElo "1588"]
[PlyCount "98"]
[EventDate "2021.10.28"]
[EventType "swiss"]
[EventRounds "11"]
[EventCountry "BRA"]
[SourceTitle "CBM 205 Extra"]
[Source "ChessBase"]
[SourceDate "2022.01.31"]
[SourceVersion "1"]
[SourceVersionDate "2022.01.31"]
[SourceQuality "1"]

1. d4 Nf6 2. Bf4 d5 3. Nf3 c5 4. e3 cxd4 5. exd4 Bg4 6. Nbd2 Nc6 7. c3 e6 8. Be2 Be7 9. h3 Bxf3 10. Nxf3 0-0 11. 0-0 a6 12. Re1 b5 13. Ne5 Nxe5 14. dxe5 Nd7 15. Bd3 Qb6 16. Qh5 g6 17. Qg4 Rfc8 18. Be3 Bc5 19. Bd4 b4 20. Reb1 a5 21. Bxc5 Qxc5 22. cxb4 Qxb4 23. Qxb4 axb4 24. f4 Nc5 25. Bc2 Na4 26. Bxa4 Rxa4 27. b3 Ra3 28. Rb2 Rca8 29. Kf2 Kf8 30. Ke3 Ke7 31. Kd3 Kd7 32. Rc2 Rxb3+ 33. axb3 Rxa1 34. Kd4 Rb1 35. Kd3 Rxb3+ 36. Kd2 Rg3 37. Ke1 b3 38. Rb2 Kc6 39. Kf2 Rc3 40. Ke1 Kc5 41. Kd2 Rc2+ 42. Rxc2+ bxc2 43. Kxc2 Kd4 44. Kd2 Ke4 45. g3 Kf3 46. g4 Kxf4 47. Ke2 Kxe5 48. Ke3 d4+ 49. Kf3 g5 0-1

[Event "BRA-ch U14"]
[Site "Juiz de Fora"]
[Date "2021.10.12"]
[Round "6"]
[White "Da Cunha, Gabriela Goes"]
[Black "De Lima, Enzo Magalhaes"]
[Result "1/2-1/2"]
[WhiteElo "1588"]
[BlackElo "1732"]
[PlyCount "97"]
[EventDate "2021.10.09"]
[EventType "swiss"]
[EventRounds "6"]
[EventCountry "BRA"]
[SourceTitle "EXT 2023"]
[Source "ChessBase"]
[SourceDate "2022.10.05"]
[SourceVersion "1"]
[SourceVersionDate "2022.10.05"]
[SourceQuality "1"]

1. d4 d5 2. Nc3 Nf6 3. Bf4 c6 4. e3 Bf5 5. f3 e6 6. g4 Bg6 7. h4 h5 8. g5 Nfd7 9. Bd3 Bxd3 10. Qxd3 Nb6 11. g6 f6 12. e4 Bd6 13. Nh3 Bxf4 14. Nxf4 Qd6 15. Nfe2 Na6 16. a3 Nc4 17. 0-0-0 b5 18. exd5 exd5 19. Rde1 Kd8 20. Qf5 Re8 21. Nb1 b4 22. a4 Ne3 23. Qh3 b3 24. c3 Nc2 25. Nd2 Nxe1 26. Rxe1 Qe6 27. Qxe6 Rxe6 28. Nxb3 Kd7 29. Kd2 Rae8 30. Nbc1 c5 31. Nd3 cxd4 32. cxd4 Rb6 33. Nef4 Rxe1 34. Kxe1 Kd6 35. Nxh5 Rb7 36. Kd2 Nb4 37. Nxb4 Rxb4 38. Kc3 Rb7 39. b4 Rc7+ 40. Kb3 Rd7 41. b5 Ke6 42. Ng3 Rd8 43. Kb4 Rc8 44. a5 Rc4+ 45. Kb3 Rc1 46. Kb2 Rc4 47. Kb3 Rc1 48. Kb2 Rc4 49. Kb3 1/2-1/2

[Event "Pan American-ch Hybrid U16 Girls 31st"]
[Site "Tornelo INT"]
[Date "2021.09.04"]
[Round "3"]
[White "Da Cunha, Gabriela Goes"]
[Black "Oviedo Acosta, Paula"]
[Result "1/2-1/2"]
[WhiteElo "1564"]
[BlackElo "1637"]
[PlyCount "116"]
[EventDate "2021.09.04"]
[EventType "swiss"]
[EventRounds "9"]
[EventCountry "NET"]
[SourceTitle "EXT 2023"]
[Source "ChessBase"]
[SourceDate "2022.10.05"]
[SourceVersion "1"]
[SourceVersionDate "2022.10.05"]
[SourceQuality "1"]

1. e4 c5 2. Nf3 e6 3. d4 cxd4 4. Nxd4 a6 5. Bd3 Bc5 6. Nb3 Be7 7. Qg4 g6 8. Qe2 d6 9. Be3 Nd7 10. N1d2 Ngf6 11. Bh6 Qc7 12. 0-0 b6 13. a4 Bb7 14. f4 Rg8 15. Kh1 Nh5 16. Nd4 Bf6 17. c3 Nc5 18. b4 Nd7 19. Rac1 Ke7 20. N2b3 Bg7 21. Bxg7 Nxg7 22. a5 Ra7 23. Qf2 f5 24. Rfe1 Kf7 25. Nf3 h6 26. Qh4 fxe4 27. Bxe4 Bxe4 28. Rxe4 Nf6 29. Ree1 Nf5 30. Qf2 Rb7 31. Qe2 Re8 32. Qxa6 Ng4 33. Nfd4 bxa5 34. Nxa5 Rb6 35. Qe2 Nge3 36. Nxf5 Nxf5 37. Qc4 Qe7 38. Qd3 Rc8 39. Nc4 Rbc6 40. Ne3 Ng7 41. c4 Nh5 42. g3 Qb7 43. Kg1 Qxb4 44. Rb1 Qa5 45. Ra1 Qc5 46. Kg2 Rb8 47. Reb1 Rxb1 48. Rxb1 Rc7 49. Ng4 Qc6+ 50. Kh3 Nf6 51. Nxf6 Kxf6 52. Rd1 Rd7 53. Qd4+ Kf7 54. Qh8 h5 55. Qh7+ Kf6 56. Qh8+ Kf7 57. Qh7+ Kf6 58. Qh8+ Kf7 1/2-1/2

[Event "American World Cup Q Prelim"]
[Site "Tornelo INT"]
[Date "2021.05.09"]
[Round "8"]
[White "Da Cunha, Gabriela Goes"]
[Black "Stephenson, Amy"]
[Result "1-0"]
[WhiteElo "1564"]
[BlackElo "1339"]
[PlyCount "109"]
[EventDate "2021.05.08"]
[EventType "swiss (rapid)"]
[EventRounds "9"]
[EventCountry "USA"]
[SourceTitle "CBM 202 Extra"]
[Source "ChessBase"]
[SourceDate "2021.07.31"]
[SourceVersion "1"]
[SourceVersionDate "2021.07.31"]
[SourceQuality "1"]

1. e4 d6 2. d4 Nf6 3. Nc3 Nbd7 4. Nf3 e5 5. dxe5 dxe5 6. h3 Be7 7. Be3 c6 8. Qd2 Qc7 9. Bc4 b5 10. Bd3 Nc5 11. Bxc5 Bxc5 12. 0-0 0-0 13. a4 b4 14. Ne2 a5 15. Ng3 Be6 16. Qe2 Rad8 17. Bc4 Rfe8 18. Rad1 Nd7 19. Ng5 g6 20. Bxe6 fxe6 21. Qc4 Re7 22. Nxe6 Qc8 23. Nxc5+ Kh8 24. Nxd7 Rdxd7 25. Qe2 Qe8 26. Rxd7 Rxd7 27. Rd1 Rd4 28. Rxd4 exd4 29. Qc4 Qe5 30. Qxc6 Kg7 31. Qd5 Qf4 32. Qxd4+ Kh6 33. Qe3 g5 34. Qxf4 gxf4 35. Ne2 Kg5 36. f3 h5 37. Kf2 h4 38. Nd4 Kf6 39. Nc6 Ke6 40. Nxa5 Kd6 41. Nc4+ Kc5 42. b3 Kd4 43. a5 Kc3 44. a6 Kxc2 45. a7 Kxb3 46. Na5+ Kc2 47. a8Q Kc3 48. Qc6+ Kb2 49. e5 b3 50. Nxb3 Kb1 51. e6 Ka2 52. e7 Ka3 53. Nd4 Kb4 54. e8R Ka5 55. Qb5# 1-0